Countries with the Top Space Programs - Statistics

General Stats
  • This quiz has been taken 48 times
  • The average score is 11 of 15
Answer Stats
Space Program Country % Correct
CNSA/CMSA China
100%
NASA/USSF United States
97%
JAXA Japan
95%
ROSCOSMOS Formerly:SSSR Russia
95%
IRSO India
89%
KARI/KASI South Korea
89%
CNES France
84%
ASA/NSP Australia
76%
AEB/BSA Brazil
74%
ASI Italy
74%
NADA North Korea
55%
ISA Israel
53%
ISA Iran
47%
SSUA Ukraine
42%
KENSA/KSA Kenya
37%
No matching quizzes found
Score Distribution
Percent of People with Each Score
Percentile by Number Answered
Your Score History
You have not taken this quiz